Analýza vplyvov externého prostredia na činnosť podniku bakalárska práca

Enregistré dans:
Détails bibliographiques
Auteur principal: Macáková, Martina
Collectivité auteur: Fakulta podnikového manažmentu EU. Katedra podnikovohospodárska
Autres auteurs: Rybárová, Daniela, 1967-
Format: Livre
Langue:slovaque
Publié: Bratislava 2014
Tags: Ajouter un tag
Pas de tags, Soyez le premier à ajouter un tag!

MARC

LEADER 00000nbm a2200000 4500
001 0189607
005 20170201092244.7
041 0 |a slo 
044 |a SK 
245 1 0 |a Analýza vplyvov externého prostredia na činnosť podniku  |b bakalárska práca  |c Martina Macáková ; školiteľ: Daniela Rybárová 
264 1 |a Bratislava  |c 2014 
300 |a 54 s. 
100 1 |a Macáková, Martina 
700 1 |a Rybárová, Daniela, 1967- 
710 2 |a Fakulta podnikového manažmentu EU. Katedra podnikovohospodárska